000
00314nam a2200109Ia 4500
008
171211s9999 xx 000 0 und d
245
_a
Pokemon Sapphire & Ruby (Official Trainer's Guide)
245
_c
Phillip Marcus
260
_c
2003
650
_x
GAMES
856
_u
http://down.ebook777.com/053/9780744002584.pdf
999
_c
348948
_d
348948